Commercial application in the use of natural rubber latex emulsions for hydroseeding (Record no. 55867)

MARC details
000 -LEADER
fixed length control field 00488nam a2200145Ia 4500
100 ## - MAIN ENTRY--AUTHOR NAME
Personal name Wah H C
245 #0 - TITLE STATEMENT
Title Commercial application in the use of natural rubber latex emulsions for hydroseeding
260 ## - PUBLICATION, DISTRIBUTION, ETC. (IMPRINT)
Name of publisher Proceedings of the International Rubber Conference, Kuala Lumpur, Malaysia, V.2. 1985; p710-722
650 ## - SUBJECT ADDED ENTRY--TOPICAL TERM
Topical Term Hydroseeding
650 ## - SUBJECT ADDED ENTRY--TOPICAL TERM
Topical Term Latex emulsion
650 ## - SUBJECT ADDED ENTRY--TOPICAL TERM
Topical Term Natural rubber latex
700 ## - ADDED ENTRY--PERSONAL NAME
Personal name Bachik A T
942 ## - ADDED ENTRY ELEMENTS (KOHA)
Koha item type Journals
Holdings
Withdrawn status Lost status Damaged status Not for loan Home library Current library Shelving location Date acquired Koha item type
      Journals RRII Library RRII Library Rubber chemistry 17/12/2021 Journals